Solution thermodynamics and its application to aqueous solutions: a differential approach

Đã lưu trong:
Chi tiết về thư mục
Tác giả chính: Koga, Yoshikata (Tác giả)
Định dạng: Sách
Ngôn ngữ:Tiếng Anh
Được phát hành: Amsterdam Elsevier 2017
Phiên bản:2a. ed
Những chủ đề:
Các nhãn: Thêm thẻ
Không có thẻ, Là người đầu tiên thẻ bản ghi này!

MARC

LEADER 00000cam a2200000 a 4500
001 UCC4086
003 CL-VaPUC
008 180706e20170000ne |||||||||||||||||eng|d
020 |a 9780444636294 
082 0 4 |a 541.369  |b KOG  |2 21 
100 0 |a Koga, Yoshikata  |e author  |9 598228 
245 1 0 |a Solution thermodynamics and its application to aqueous solutions: a differential approach 
250 |a 2a. ed 
300 |a 424 p 
942 |c BK 
945 |d 20180706 14:40:00  |a dcastane 
260 |a Amsterdam  |b Elsevier  |c 2017 
650 0 |a Termodinámica   |9 259320 
650 7 |a SOLUCIONES QUIMICAS  |2 CL-VaPUC  |9 375378 
583 |a last modification  |c 20180706 14:40:00  |k Rodrigo Vera 
999 |c 371689  |d 371687 
952 |0 0  |1 0  |3 erb  |4 0  |6 541_369000000000000_KOG_2017  |7 0  |8 A  |9 488793  |a BIBING  |b BIBING  |i 5479649  |o 541.369 KOG 2017  |p 5479649  |r 2025-01-20  |w 2019-11-24  |y BK  |z Catalogado en:20180706  |k EIQ